Normal view
MARC view
- History
Entry Topical Term
001 - CONTROL NUMBER
- control field: 206742
003 - CONTROL NUMBER IDENTIFIER
- control field: OSt
005 - DATE AND TIME OF LATEST TRANSACTION
- control field: 20240614171815.0
008 - FIXED-LENGTH DATA ELEMENTS
- fixed length control field: 240614|| aca||aabn | a|a d
040 ## - CATALOGING SOURCE
- Original cataloging agency: OSt
- Transcribing agency: OSt
150 ## - HEADING--TOPICAL TERM
- Topical term or geographic name entry element: History
670 ## - SOURCE DATA FOUND
- Source citation: Work cat.: (OSt)358138: देगलूरकर, गो. बं., प्राचीन भारत : इतिहास आणि संस्कृती, 2024